Score 0/25 Timer 05:00
0 Plays Today
% Correct
Beverly Hills
92.2%
Seattle
92.2%
Philadelphia
85.3%
Las Vegas
85.1%
San Francisco
83%
Paris
82.5%
Talladega
81.6%
London
79.5%
Miami
76.5%
Cincinnati
75.3%
Barcelona
74.9%
Boston
70.9%
Detroit
70.9%
% Correct
St. Louis
62.3%
Fargo
55.7%
Cleveland
55.1%
Dallas
51.8%
New York
51.1%
Kansas City
50.5%
Chicago
50.1%
Moscow
46.6%
Denver
44.2%
New Orleans
39.2%
Buffalo
29.2%
Memphis
28.3%
Remove Ads.
Support Sporcle.
Get the best of Sporcle when you Go Orange. This ad-free experience offers more features, more stats, and more fun while also helping to support Sporcle. Thank you for becoming a member.

You're not logged in!

Compare scores with friends on all Sporcle quizzes.
OR
Log In

Show Comments

Extras

Top Quizzes Today


Score Distribution

Your Account Isn't Verified!

In order to create a playlist on Sporcle, you need to verify the email address you used during registration. Go to your Sporcle Settings to finish the process.

Report this User

Report this user for behavior that violates our Community Guidelines.

Details: